[Event "Titled Tuesday 2025.03.04 Early"]
[Site "Chess.com INT"]
[Date "2025.03.04"]
[Round "2"]
[White "Yang, Kaiqi"]
[Black "Tharushi, THD Niklesha"]
[Result "1-0"]
[WhiteElo "2481"]
[BlackElo "1874"]
[PlyCount "139"]
[GameId "2154035110568390"]
[EventDate "2025.03.04"]
[EventType "swiss (blitz)"]
[EventRounds "11"]
[EventCountry "NET"]
[SourceTitle "Mega2025 Update 19"]
[Source "Chessbase"]
[SourceDate "2025.03.15"]
[SourceVersion "1"]
[SourceVersionDate "2025.03.15"]
[SourceQuality "1"]

1. d4 d5 2. Nc3 e6 3. Bf4 c5 4. e3 a6 5. Nf3 Nc6 6. dxc5 Bxc5 7. Bd3 Nf6 8. O-O O-O 9. e4 b5 10. e5 Nd7 11. Bxh7+ Kxh7 12. Ng5+ Kg6 13. Qd3+ f5 14. Nxe6 Qh4 15. Qxd5 Ne7 16. Nxf8+ Nxf8 17. Qxc5 Ne6 18. Qe3 Qxf4 19. Qxf4 Nxf4 20. g3 Nh3+ 21. Kg2 Bb7+ 22. f3 Ng5 23. Rad1 Bc6 24. h4 Ne6 25. Ne2 Kf7 26. Nd4 Bd5 27. Rfe1 Nxd4 28. Rxd4 Ke6 29. Kf2 Rc8 30. c3 Rc4 31. Rxc4 bxc4 32. Rd1 Nc6 33. f4 g6 34. Ke3 Na7 35. Rd2 Nb5 36. Rh2 Be4 37. h5 gxh5 38. Rxh5 Nc7 39. Rh6+ Kd5 40. Rh7 Ne6 41. Ra7 Nc5 42. a3 Nd3 43. Rxa6 Nxb2 44. Ra5+ Ke6 45. Ra7 Bd3 46. Kd4 Nd1 47. a4 Nf2 48. a5 Ne4 49. a6 Nxg3 50. Rg7 Ne2+ 51. Kc5 Nxf4 52. a7 Be4 53. Kb6 Kxe5 54. Rc7 Ne2 55. Rc6 Nxc3 56. a8=Q Na4+ 57. Qxa4 Bxc6 58. Qxc6 Kd4 59. Qf3 Ke5 60. Qc3+ Kd5 61. Kb5 Ke4 62. Qxc4+ Kf3 63. Qf1+ Kg4 64. Kc4 f4 65. Kd3 Kg3 66. Ke4 f3 67. Qxf3+ Kh2 68. Qg4 Kh1 69. Kf3 Kh2 70. Qg2# 1-0

[Event "Titled Tuesday 2025.03.04 Early"]
[Site "Chess.com INT"]
[Date "2025.03.04"]
[Round "3"]
[White "Rustemov, Alexander"]
[Black "Yang, Kaiqi"]
[Result "0-1"]
[WhiteElo "2525"]
[BlackElo "2481"]
[PlyCount "52"]
[GameId "2154035110593041"]
[EventDate "2025.03.04"]
[EventType "swiss (blitz)"]
[EventRounds "11"]
[EventCountry "NET"]
[SourceTitle "Mega2025 Update 19"]
[Source "Chessbase"]
[SourceDate "2025.03.15"]
[SourceVersion "1"]
[SourceVersionDate "2025.03.15"]
[SourceQuality "1"]

1. d4 Nf6 2. c4 g6 3. Nf3 Bg7 4. g3 c5 5. Bg2 cxd4 6. Nxd4 Nc6 7. O-O O-O 8. Nc3 d6 9. Nc2 Be6 10. Ne3 Rc8 11. b3 Ng4 12. Nxg4 Bxc3 13. Nh6+ Kg7 14. Rb1 f5 15. Be3 Bf6 16. h4 a6 17. Bg5 b5 18. cxb5 axb5 19. Bxc6 Rxc6 20. Qd2 Qc7 21. Rbc1 Rc8 22. Rxc6 Qxc6 23. Qe3 Qe4 24. Rd1 Rc2 25. Rd2 Rc1+ 26. Kh2 Rh1# 0-1

[Event "Titled Tuesday 2025.03.04 Early"]
[Site "Chess.com INT"]
[Date "2025.03.04"]
[Round "4"]
[White "Yang, Kaiqi"]
[Black "Nava, Roderick"]
[Result "1-0"]
[WhiteElo "2481"]
[BlackElo "2381"]
[PlyCount "57"]
[GameId "2154035110736778"]
[EventDate "2025.03.04"]
[EventType "swiss (blitz)"]
[EventRounds "11"]
[EventCountry "NET"]
[SourceTitle "Mega2025 Update 19"]
[Source "Chessbase"]
[SourceDate "2025.03.15"]
[SourceVersion "1"]
[SourceVersionDate "2025.03.15"]
[SourceQuality "1"]

1. c4 Nf6 2. Nc3 g6 3. g3 Bg7 4. Bg2 O-O 5. e4 c5 6. Nge2 d6 7. O-O Nc6 8. d3 Bg4 9. h3 Bd7 10. Be3 Qc8 11. Kh2 Ne5 12. Rc1 Re8 13. a3 Rb8 14. b4 b6 15. Nd5 Nxd5 16. exd5 Bf5 17. d4 Nd3 18. Rc3 cxb4 19. Rxd3 Qxc4 20. Rd2 b3 21. Qc1 Bc2 22. Qb2 Rec8 23. Rc1 b5 24. Nf4 a5 25. Bf1 Qa4 26. Bd3 Bxd3 27. Rxc8+ Rxc8 28. Rxd3 Qc4 29. Qxb3 1-0

[Event "Titled Tuesday 2025.03.04 Early"]
[Site "Chess.com INT"]
[Date "2025.03.04"]
[Round "5"]
[White "Yang, Kaiqi"]
[Black "Moroni, Luca Jr"]
[Result "0-1"]
[WhiteElo "2481"]
[BlackElo "2555"]
[PlyCount "92"]
[GameId "2154035110888724"]
[EventDate "2025.03.04"]
[EventType "swiss (blitz)"]
[EventRounds "11"]
[EventCountry "NET"]
[SourceTitle "Mega2025 Update 19"]
[Source "Chessbase"]
[SourceDate "2025.03.15"]
[SourceVersion "1"]
[SourceVersionDate "2025.03.15"]
[SourceQuality "1"]

1. c4 g6 2. Nc3 Bg7 3. g3 d6 4. Bg2 Nc6 5. Nf3 Bd7 6. h4 Nf6 7. d4 e5 8. d5 Ne7 9. Bg5 h6 10. Bd2 Nf5 11. e4 Nd4 12. Nxd4 exd4 13. Ne2 Ng4 14. Qb3 O-O 15. f3 Ne5 16. Nxd4 c5 17. Nb5 Bxb5 18. Qxb5 a6 19. Qb3 b5 20. O-O Nxc4 21. Bc3 Re8 22. Bxg7 Kxg7 23. Rf2 Qf6 24. a4 Ne5 25. axb5 c4 26. Qc3 axb5 27. Rxa8 Rxa8 28. Bf1 Ra1 29. Kg2 Nd7 30. Qb4 g5 31. hxg5 hxg5 32. Qxb5 Ne5 33. Qb6 Rb1 34. Qd4 Rc1 35. Qd2 Rb1 36. Qd4 Rc1 37. Qd2 Ra1 38. Qd4 Rb1 39. Qd2 g4 40. fxg4 Qg6 41. Qf4 Re1 42. Qf5 Rxe4 43. Qxg6+ Kxg6 44. Re2 Rxg4 45. Kf2 Rd4 46. Rc2 f5 0-1

[Event "Titled Tuesday 2025.03.04 Early"]
[Site "Chess.com INT"]
[Date "2025.03.04"]
[Round "6"]
[White "Janik, Igor"]
[Black "Yang, Kaiqi"]
[Result "1-0"]
[WhiteElo "2527"]
[BlackElo "2481"]
[PlyCount "63"]
[GameId "2154035110970865"]
[EventDate "2025.03.04"]
[EventType "swiss (blitz)"]
[EventRounds "11"]
[EventCountry "NET"]
[SourceTitle "Mega2025 Update 19"]
[Source "Chessbase"]
[SourceDate "2025.03.15"]
[SourceVersion "1"]
[SourceVersionDate "2025.03.15"]
[SourceQuality "1"]

1. e4 c5 2. Nf3 a6 3. c3 d5 4. exd5 Qxd5 5. d4 e6 6. Be3 Nd7 7. Nbd2 Ngf6 8. Bc4 Qc6 9. O-O Bd6 10. a4 b6 11. dxc5 Bxc5 12. Nd4 Bxd4 13. Bxd4 Bb7 14. f3 O-O 15. Qe2 e5 16. Bf2 Rfe8 17. Rfe1 Nh5 18. Ne4 Nf4 19. Qf1 Qg6 20. Rad1 Rad8 21. Rd6 Nf6 22. Red1 Bxe4 23. Rxd8 Bxf3 24. Rxe8+ Nxe8 25. Rd8 Kf8 26. Bc5+ bxc5 27. Qxf3 Qb1+ 28. Bf1 Qxb2 29. Qc6 Ne2+ 30. Bxe2 Qc1+ 31. Bf1 Qe3+ 32. Kh1 1-0

[Event "Titled Tuesday 2025.03.04 Early"]
[Site "Chess.com INT"]
[Date "2025.03.04"]
[Round "7"]
[White "Lisenkov, Svyatoslav"]
[Black "Yang, Kaiqi"]
[Result "1-0"]
[WhiteElo "2207"]
[BlackElo "2481"]
[PlyCount "107"]
[GameId "2154035111085841"]
[EventDate "2025.03.04"]
[EventType "swiss (blitz)"]
[EventRounds "11"]
[EventCountry "NET"]
[SourceTitle "Mega2025 Update 19"]
[Source "Chessbase"]
[SourceDate "2025.03.15"]
[SourceVersion "1"]
[SourceVersionDate "2025.03.15"]
[SourceQuality "1"]

1. e4 c5 2. Nf3 a6 3. Be2 d6 4. O-O Nf6 5. Nc3 e5 6. a4 Nc6 7. Bc4 Be7 8. d3 O-O 9. Bg5 Ne8 10. Bxe7 Nxe7 11. a5 Nc7 12. Ne2 Be6 13. Bxe6 Nxe6 14. c3 Nc6 15. d4 exd4 16. cxd4 cxd4 17. Nexd4 Nexd4 18. Nxd4 Re8 19. Re1 Qf6 20. Nxc6 bxc6 21. Qc2 c5 22. Rad1 Rab8 23. Rd2 Rb4 24. f3 g6 25. Qc3 Re6 26. Red1 Qxc3 27. bxc3 Ra4 28. Rxd6 Rxd6 29. Rxd6 Rxa5 30. Rc6 Kf8 31. Kf2 Ke7 32. Ke3 Kd7 33. Rf6 Ke7 34. Rb6 Ra2 35. g3 a5 36. h4 a4 37. Rb7+ Ke6 38. Rb6+ Ke7 39. Ra6 a3 40. Kf4 h6 41. Ke5 Ra1 42. Ra7+ Ke8 43. Kf6 Rf1 44. f4 Rf3 45. Ra8+ Kd7 46. Rxa3 Rxg3 47. Kxf7 Rg4 48. Ra7+ Kd6 49. Ra6+ Kd7 50. Rf6 Rxh4 51. e5 Rh2 52. e6+ Kc7 53. e7 Re2 54. Re6 1-0

[Event "Titled Tuesday 2025.03.04 Early"]
[Site "Chess.com INT"]
[Date "2025.03.04"]
[Round "8"]
[White "Yang, Kaiqi"]
[Black "Tran, Manh Tien"]
[Result "0-1"]
[WhiteElo "2481"]
[BlackElo "2203"]
[PlyCount "96"]
[GameId "2154035111204894"]
[EventDate "2025.03.04"]
[EventType "swiss (blitz)"]
[EventRounds "11"]
[EventCountry "NET"]
[SourceTitle "Mega2025 Update 19"]
[Source "Chessbase"]
[SourceDate "2025.03.15"]
[SourceVersion "1"]
[SourceVersionDate "2025.03.15"]
[SourceQuality "1"]

1. d4 Nf6 2. c4 e6 3. Nc3 d5 4. cxd5 exd5 5. Bg5 c6 6. Qc2 h6 {is the new trend. ist der neue Trend.} 7. Bxf6 Qxf6 8. Nxd5 Qd8 9. Nc3 Qxd4 10. Nf3 Qf6 $146 (10... Qc5 11. Rd1 Bf5 12. e4 Be6 13. Be2 Be7 14. O-O O-O 15. a3 a5 16. Nd4 Bc8 {1-0 Koerant,F (2107)-Patrinos,I (1942) Ambelokipi op 78th Athens 2007 (7)}) 11. e4 Bb4 12. e5 Qe7 13. Qe4 Nd7 14. Bc4 Bxc3+ 15. bxc3 Nc5 16. Qe2 Bg4 17. O-O O-O 18. Rfe1 Rae8 19. h3 Bh5 20. Qe3 Bxf3 21. Qxf3 Qg5 22. Qe3 Qxe3 23. Rxe3 Re7 24. f4 Rd8 25. Rae1 Rd2 26. R3e2 Rxe2 27. Rxe2 Kf8 28. Kf2 b5 29. Bb3 f6 30. e6 f5 31. Re5 Nd3+ 32. Ke3 Nxe5 33. fxe5 g5 34. Kd4 a5 35. a3 Rb7 36. Kc5 b4 37. cxb4 axb4 38. a4 Ke7 39. Kxc6 Rb8 40. a5 Rc8+ 41. Kb7 Rc3 42. Bd5 b3 43. a6 b2 44. Ba2 Ra3 45. Bb1 Ra1 46. a7 Rxb1 47. a8=Q Ra1 48. Qg8 b1=Q+ 0-1

[Event "Titled Tuesday 2025.03.04 Early"]
[Site "Chess.com INT"]
[Date "2025.03.04"]
[Round "9"]
[White "Muniz, Francisco Allysson"]
[Black "Yang, Kaiqi"]
[Result "0-1"]
[WhiteElo "2181"]
[BlackElo "2481"]
[PlyCount "90"]
[GameId "2154035111291132"]
[EventDate "2025.03.04"]
[EventType "swiss (blitz)"]
[EventRounds "11"]
[EventCountry "NET"]
[SourceTitle "Mega2025 Update 19"]
[Source "Chessbase"]
[SourceDate "2025.03.15"]
[SourceVersion "1"]
[SourceVersionDate "2025.03.15"]
[SourceQuality "1"]

1. d4 Nf6 2. c4 e6 3. Nc3 Bb4 4. Qc2 O-O 5. Bd2 c5 6. e3 cxd4 7. exd4 Nc6 8. Nf3 d5 9. a3 Bxc3 10. bxc3 b6 11. Bd3 dxc4 12. Bxc4 Na5 13. Bd3 Bb7 14. O-O Bxf3 15. gxf3 Rc8 16. Rae1 Nc4 17. Bc1 Qd6 18. a4 h6 19. Qe2 Qc6 20. Bc2 Nd6 21. Ba3 Rfd8 22. Bb2 Nd5 23. Be4 Nxc3 24. Bxc3 Qxc3 25. d5 e5 26. Qa6 Qc7 27. Ra1 Qe7 28. Kh1 f5 29. Bd3 Rc5 30. a5 b5 31. Rab1 Rb8 32. Rfc1 Rbc8 33. Rxc5 Rxc5 34. Be2 Qd7 35. Bd1 e4 36. fxe4 fxe4 37. Be2 Kh8 38. Rd1 Qe7 39. Bf1 Qf6 40. Bg2 Rc2 41. Rf1 Qe5 42. h3 b4 43. Re1 b3 44. Qf1 b2 45. Rb1 Qc3 0-1

[Event "Titled Tuesday 2025.03.04 Early"]
[Site "Chess.com INT"]
[Date "2025.03.04"]
[Round "11"]
[White "Melikhov, Evgeny V"]
[Black "Yang, Kaiqi"]
[Result "1-0"]
[WhiteElo "2138"]
[BlackElo "2481"]
[PlyCount "93"]
[GameId "2154035111459500"]
[EventDate "2025.03.04"]
[EventType "swiss (blitz)"]
[EventRounds "11"]
[EventCountry "NET"]
[SourceTitle "Mega2025 Update 19"]
[Source "Chessbase"]
[SourceDate "2025.03.15"]
[SourceVersion "1"]
[SourceVersionDate "2025.03.15"]
[SourceQuality "1"]

1. d4 Nf6 2. c4 g6 3. Nc3 d5 4. cxd5 Nxd5 5. e4 Nxc3 6. bxc3 Bg7 7. Be3 c5 8. Qd2 O-O 9. Nf3 $1 {9.Nf3 scores better than 9.Rc1. 9.Sf3 punktet besser als 9.Tc1.} Qa5 10. Rc1 Nd7 11. d5 Nf6 12. c4 Qxd2+ 13. Nxd2 b6 14. h3 e6 15. e5 $146 (15. Bd3 Re8 16. O-O Ba6 17. Bc2 exd5 18. exd5 b5 19. Bd3 bxc4 20. Bxc4 Bxc4 21. Rxc4 Nxd5 22. Bxc5 {0-1 Akobian,V (2647)-Nepomniachtchi,I (2729) Wch Blitz Riadh 2017 (6)}) 15... Nd7 16. f4 Bb7 17. dxe6 fxe6 18. Rg1 Rad8 19. g3 Nb8 20. Ke2 Rf7 21. Bg2 Bxg2 22. Rxg2 Nc6 23. Ne4 Bf8 24. Rd1 Rxd1 25. Kxd1 Rd7+ 26. Rd2 Rxd2+ 27. Kxd2 Be7 28. Kc3 Kf7 29. Bd2 Nd4 30. Kd3 h6 31. Bc3 Nc6 32. g4 Bh4 33. Ke3 Be7 34. Kf3 a6 35. a4 Na7 36. Nd2 Ke8 37. Ke4 Kd7 38. f5 exf5+ 39. gxf5 gxf5+ 40. Kxf5 b5 41. axb5 axb5 42. e6+ Ke8 43. cxb5 Nxb5 44. Be5 Na3 45. Bf6 c4 46. Ne4 Nb5 47. Be5 1-0

[Event "Titled Tuesday 2025.02.25 Early"]
[Site "Chess.com INT"]
[Date "2025.02.25"]
[Round "1"]
[White "Villa, Ma Elayza"]
[Black "Yang, Kaiqi"]
[Result "0-1"]
[WhiteElo "1819"]
[BlackElo "2481"]
[PlyCount "82"]
[GameId "2151502154888043"]
[EventDate "2025.02.25"]
[EventType "swiss (blitz)"]
[EventRounds "11"]
[EventCountry "NET"]
[SourceTitle "Mega2025 Update 18"]
[Source "Chessbase"]
[SourceDate "2025.03.07"]
[SourceVersion "1"]
[SourceVersionDate "2025.03.07"]
[SourceQuality "1"]

1. d4 Nf6 2. Bf4 d5 3. e3 c5 4. c3 Nc6 5. Nd2 e6 6. Ngf3 Bd6 {6...cxd4 is the modern continuation. 6...cxd4 ist die moderne Fortsetzung.} 7. Bg3 O-O 8. Bb5 Ne7 9. O-O Nf5 10. Bd3 Nxg3 11. hxg3 Qc7 $146 (11... b6 12. e4 dxe4 13. Nxe4 Bb7 14. Qe2 cxd4 15. Nxd4 Be5 16. Nf3 Bc7 17. Rad1 Qe7 {0-1 Rodriguez Fontecha,M (2278)-Kravtsiv,M (2598) Titled Tuesday intern op 13th Aug Early Chess.com INT blitz 2024 (5)}) 12. Bc2 Rd8 13. Qe2 b6 14. Rfe1 a5 15. e4 Ba6 16. Bd3 Bxd3 17. Qxd3 dxe4 18. Nxe4 Be7 19. Nxf6+ Bxf6 20. Qe4 cxd4 21. Nxd4 Bxd4 22. cxd4 Rd5 23. Rac1 Qd7 24. Red1 Rd8 25. Qe3 e5 26. Qb3 b5 27. Rd3 Rxd4 28. Re3 Rd1+ 29. Re1 Rxc1 30. Rxc1 a4 31. Qe3 Qd4 32. Qe2 Qd5 33. a3 f6 34. Kh2 h6 35. Rc7 Rd7 36. Rc8+ Kh7 37. Qg4 e4 38. Re8 f5 39. Qf4 Qf7 40. Rc8 g5 41. Qb8 Qh5+ 0-1

[Event "Titled Tuesday 2025.02.25 Early"]
[Site "Chess.com INT"]
[Date "2025.02.25"]
[Round "2"]
[White "Yang, Kaiqi"]
[Black "Gharibyan, Mamikon"]
[Result "0-1"]
[WhiteElo "2481"]
[BlackElo "2473"]
[PlyCount "154"]
[GameId "2151502155232622"]
[EventDate "2025.02.25"]
[EventType "swiss (blitz)"]
[EventRounds "11"]
[EventCountry "NET"]
[SourceTitle "Mega2025 Update 18"]
[Source "Chessbase"]
[SourceDate "2025.03.07"]
[SourceVersion "1"]
[SourceVersionDate "2025.03.07"]
[SourceQuality "1"]

1. d4 d5 2. Bf4 c5 3. Nc3 Nc6 4. e3 cxd4 5. exd4 Bf5 6. Nf3 e6 7. Ne5 Bd6 8. Nb5 Bb8 9. g4 Be4 10. f3 Bg6 11. h4 Nxe5 12. Bxe5 h5 13. Bd3 hxg4 14. Bxg6 Rxh4 15. Rg1 Qa5+ 16. Nc3 Bxe5 17. dxe5 fxg6 18. Qd3 Ne7 19. O-O-O O-O-O 20. Rxg4 Rxg4 21. fxg4 a6 22. a3 d4 23. Ne2 Nc6 24. Qxg6 Qxe5 25. Qd3 Kb8 26. Kb1 Qd5 27. Nf4 Qd6 28. Qe4 e5 29. Nd3 Rf8 30. Re1 Re8 31. g5 Re7 32. g6 Kc7 33. Qf5 a5 34. Nf2 Qe6 35. Qe4 Qd6 36. Nd3 Re6 37. Rg1 Rf6 38. a4 Qe6 39. b3 Qf5 40. Qd5 e4 41. Qxf5 Rxf5 42. Nb2 Ne5 43. Nc4 Nxc4 44. bxc4 Kd6 45. Kc1 Kc5 46. Rg4 Re5 47. Kd2 Kxc4 48. Rf4 Re6 49. Rf7 Rxg6 50. Rc7+ Kb4 51. Rxb7+ Kxa4 52. Rd7 Rg2+ 53. Kd1 d3 54. cxd3 exd3 55. Rxd3 Kb4 56. Kc1 a4 57. Kb1 g5 58. Rd7 g4 59. Rb7+ Ka3 60. Rg7 Kb3 61. Rb7+ Kc3 62. Rc7+ Kb4 63. Rg7 a3 64. Rb7+ Kc4 65. Ra7 a2+ 66. Ka1 g3 67. Rg7 Kd5 68. Rg8 Ke5 69. Re8+ Kf6 70. Rf8+ Kg5 71. Rg8+ Kh4 72. Rh8+ Kg4 73. Rg8+ Kf3 74. Rf8+ Ke2 75. Re8+ Kf1 76. Re1+ Kf2 77. Re2+ Kxe2 0-1

[Event "Titled Tuesday 2025.02.25 Early"]
[Site "Chess.com INT"]
[Date "2025.02.25"]
[Round "3"]
[White "Mrudul, Dehankar"]
[Black "Yang, Kaiqi"]
[Result "0-1"]
[WhiteElo "2068"]
[BlackElo "2481"]
[PlyCount "62"]
[GameId "2151502155372131"]
[EventDate "2025.02.25"]
[EventType "swiss (blitz)"]
[EventRounds "11"]
[EventCountry "NET"]
[SourceTitle "Mega2025 Update 18"]
[Source "Chessbase"]
[SourceDate "2025.03.07"]
[SourceVersion "1"]
[SourceVersionDate "2025.03.07"]
[SourceQuality "1"]

1. e4 c5 2. Nf3 a6 3. d4 cxd4 4. Nxd4 Nf6 5. Bd3 e5 6. Nb3 d5 7. exd5 Qxd5 8. O-O Bg4 9. f3 Be6 10. Nc3 Qd8 11. Be3 Nbd7 12. a4 Bb4 13. Ne4 Nd5 14. Bd2 Be7 15. c4 Nb4 16. Be2 O-O 17. c5 Bxb3 18. Qxb3 Nxc5 19. Qxb4 Nxe4 20. Qxe4 Qxd2 21. Bd3 g6 22. Qxe5 Rae8 23. Qc3 Qe3+ 24. Kh1 Bd6 25. Be4 Qh6 26. h3 Qf4 27. Kg1 Qh2+ 28. Kf2 Bg3+ 29. Ke3 Qxg2 30. Rac1 Bh4 31. a5 Bg5+ 0-1

[Event "Titled Tuesday 2025.02.25 Early"]
[Site "Chess.com INT"]
[Date "2025.02.25"]
[Round "4"]
[White "Sargsyan, Shant"]
[Black "Yang, Kaiqi"]
[Result "1-0"]
[WhiteElo "2660"]
[BlackElo "2481"]
[PlyCount "57"]
[GameId "2151502155462398"]
[EventDate "2025.02.25"]
[EventType "swiss (blitz)"]
[EventRounds "11"]
[EventCountry "NET"]
[SourceTitle "Mega2025 Update 18"]
[Source "Chessbase"]
[SourceDate "2025.03.07"]
[SourceVersion "1"]
[SourceVersionDate "2025.03.07"]
[SourceQuality "1"]

1. Nc3 d5 2. Nf3 c5 3. e4 d4 4. Bb5+ Bd7 5. Bxd7+ Qxd7 6. Ne2 Nc6 7. d3 h5 8. O-O h4 9. h3 e6 10. c3 dxc3 11. bxc3 Rd8 12. d4 Nf6 13. Qd3 cxd4 14. cxd4 Nb4 15. Qb1 Qc6 16. Bd2 Qxe4 17. Bxb4 Qxe2 18. Bxf8 Kxf8 19. Qxb7 a6 20. Ne5 Qh5 21. Rac1 Nd5 22. Rc8 Rxc8 23. Qxc8+ Ke7 24. Qxa6 Kf6 25. a4 Rb8 26. Nd7+ Kg6 27. Nxb8 Nf4 28. Nc6 Qd5 29. Ne7+ 1-0

[Event "Titled Tuesday 2025.02.25 Early"]
[Site "Chess.com INT"]
[Date "2025.02.25"]
[Round "5"]
[White "Yang, Kaiqi"]
[Black "Garifulin, Yury"]
[Result "0-1"]
[WhiteElo "2481"]
[BlackElo "2219"]
[PlyCount "116"]
[GameId "2151502155815254"]
[EventDate "2025.02.25"]
[EventType "swiss (blitz)"]
[EventRounds "11"]
[EventCountry "NET"]
[SourceTitle "Mega2025 Update 18"]
[Source "Chessbase"]
[SourceDate "2025.03.07"]
[SourceVersion "1"]
[SourceVersionDate "2025.03.07"]
[SourceQuality "1"]

1. d4 e5 2. dxe5 Nc6 3. Nf3 d6 4. Bg5 Qd7 5. exd6 Bxd6 6. Nc3 h6 7. Bh4 g5 8. Bg3 Nf6 9. Bxd6 cxd6 10. e3 Qe7 11. Bc4 Bg4 12. h3 Bh5 13. Be2 O-O-O 14. Qd2 Ne5 15. Nd4 Bg6 16. O-O-O a6 17. Kb1 Kb8 18. Rhe1 Rc8 19. f4 Nc4 20. Bxc4 Rxc4 21. f5 Bh7 22. e4 Rhc8 23. Nd5 Nxd5 24. exd5 Qd7 25. g4 R4c5 26. Qg2 Qa4 27. b3 Qa3 28. c4 Qb4 29. Ka1 Qc3+ 30. Qb2 Qxh3 31. Re4 h5 32. gxh5 Bxf5 33. Nxf5 Qxf5 34. Re7 g4 35. Rde1 R5c7 36. Qg7 Qf2 37. R1e2 Qf1+ 38. Kb2 Qf4 39. Qc3 Qg5 40. Rxc7 Rxc7 41. Qe3 Qxe3 42. Rxe3 f5 43. Re8+ Ka7 44. Rf8 g3 45. Rxf5 Rg7 46. h6 g2 47. hxg7 g1=Q 48. g8=Q Qxg8 49. Rf2 Qg7+ 50. Kb1 Qd4 51. Rc2 Qe4 52. Kc1 Kb6 53. Kb2 Qd4+ 54. Kb1 Kc5 55. a3 a5 56. Ka2 Qd3 57. Kb2 Kd4 58. Ka2 Qxc2+ 0-1

[Event "Titled Tuesday 2025.02.25 Early"]
[Site "Chess.com INT"]
[Date "2025.02.25"]
[Round "6"]
[White "Goldin, Roman"]
[Black "Yang, Kaiqi"]
[Result "0-1"]
[WhiteElo "2283"]
[BlackElo "2481"]
[PlyCount "92"]
[GameId "2151502155954763"]
[EventDate "2025.02.25"]
[EventType "swiss (blitz)"]
[EventRounds "11"]
[EventCountry "NET"]
[SourceTitle "Mega2025 Update 18"]
[Source "Chessbase"]
[SourceDate "2025.03.07"]
[SourceVersion "1"]
[SourceVersionDate "2025.03.07"]
[SourceQuality "1"]

1. e4 g6 2. d4 Bg7 3. Nc3 d6 4. Be3 a6 5. a4 e6 6. Qd2 h6 7. h4 Nf6 8. Be2 Nc6 9. Nh3 e5 10. d5 Nd4 11. Bxd4 exd4 12. Qxd4 O-O 13. h5 g5 14. f3 Re8 15. Qd2 c6 16. dxc6 bxc6 17. Rd1 Qb6 18. b3 d5 19. Nf2 Qb4 20. O-O Nxh5 21. Na2 Qe7 22. exd5 Ng3 23. Bc4 Nxf1 24. Kxf1 cxd5 25. Bxd5 Bb7 26. c4 Rad8 27. Ne4 Bxd5 28. cxd5 f5 29. Nec3 Qc5 30. b4 Qc4+ 31. Qd3 Qb3 32. Rb1 Qa3 33. Qc2 Rc8 34. Rb3 Rxc3 35. Rxc3 Bxc3 36. Nxc3 Rc8 37. Qxf5 Qxc3 38. Qg6+ Kf8 39. Qxh6+ Ke8 40. Qg6+ Kd7 41. Qe6+ Kc7 42. d6+ Kb8 43. d7 Qc1+ 44. Kf2 Rc2+ 45. Kg3 Qf4+ 46. Kh3 Qh4# 0-1

[Event "Titled Tuesday 2025.02.25 Early"]
[Site "Chess.com INT"]
[Date "2025.02.25"]
[Round "7"]
[White "Yang, Kaiqi"]
[Black "Jai, Sankar Subramanian"]
[Result "1/2-1/2"]
[WhiteElo "2481"]
[BlackElo "2315"]
[PlyCount "108"]
[GameId "2151502156258204"]
[EventDate "2025.02.25"]
[EventType "swiss (blitz)"]
[EventRounds "11"]
[EventCountry "NET"]
[SourceTitle "Mega2025 Update 18"]
[Source "Chessbase"]
[SourceDate "2025.03.07"]
[SourceVersion "1"]
[SourceVersionDate "2025.03.07"]
[SourceQuality "1"]

1. d4 Nf6 2. c4 g6 3. h4 h5 4. Nc3 d5 5. Bg5 Bg7 6. Nf3 O-O 7. Bxf6 Bxf6 8. Nxd5 Bg7 9. e3 c5 10. Be2 cxd4 11. Nxd4 Nc6 12. Nxc6 bxc6 13. Nc3 Qb6 14. Qb3 Rb8 15. Qxb6 Rxb6 16. O-O-O Bxc3 17. bxc3 Bf5 18. Bd3 Bxd3 19. Rxd3 Rfb8 20. Rhd1 Rb1+ 21. Kd2 R1b2+ 22. Ke1 Rxa2 23. Rd8+ Rxd8 24. Rxd8+ Kg7 25. Rc8 Rc2 26. Rxc6 Rxc3 27. Kd2 Ra3 28. e4 e5 29. g3 Ra2+ 30. Ke3 Ra3+ 31. Ke2 Ra2+ 32. Kf3 Ra3+ 33. Kg2 a5 34. f4 Re3 35. fxe5 Rxe4 36. Rc5 a4 37. Kf3 Re1 38. Ra5 a3 39. Kf4 Rc1 40. c5 a2 41. Rxa2 Rc4+ 42. Kf3 Rxc5 43. Ke4 Rc4+ 44. Kd5 Rc3 45. Rg2 Rf3 46. Kd6 Rd3+ 47. Ke7 Ra3 48. g4 Ra7+ 49. Kd6 hxg4 50. Rxg4 Ra6+ 51. Kd5 Ra5+ 52. Kd6 Ra6+ 53. Kc5 Ra5+ 54. Kd6 Ra6+ 1/2-1/2

[Event "Titled Tuesday 2025.02.25 Early"]
[Site "Chess.com INT"]
[Date "2025.02.25"]
[Round "8"]
[White "Yang, Kaiqi"]
[Black "Melikhov, Evgeny V"]
[Result "1-0"]
[WhiteElo "2481"]
[BlackElo "2138"]
[PlyCount "55"]
[GameId "2151502156356680"]
[EventDate "2025.02.25"]
[EventType "swiss (blitz)"]
[EventRounds "11"]
[EventCountry "NET"]
[SourceTitle "Mega2025 Update 18"]
[Source "Chessbase"]
[SourceDate "2025.03.07"]
[SourceVersion "1"]
[SourceVersionDate "2025.03.07"]
[SourceQuality "1"]

1. d4 Nf6 2. c4 e6 3. Nc3 Bb4 4. f3 d5 5. a3 Bxc3+ 6. bxc3 c6 7. e4 $1 {[%mdl 4] is more profitable than 7.e3 at the moment. scheint profitabler als 7.e3.} dxe4 8. fxe4 e5 9. Nf3 Bg4 10. Qd3 Bxf3 11. gxf3 Nbd7 12. Rg1 $146 (12. f4 Nh5 13. fxe5 Qh4+ 14. Ke2 O-O-O 15. Bh3 Kb8 16. Qf3 g6 17. Rg1 Qe7 18. Bg5 {0-1 Volkov,S (2423)-Korelskiy,E (2178) Cheliabinsk Kurnosov Memorial Rapid 2024 (10)}) 12... Qa5 13. Rxg7 O-O-O 14. Rxf7 exd4 15. Bf4 Ne5 16. Bh3+ Nfd7 17. Bxe5 Qxe5 18. Qxd4 Qxd4 19. cxd4 Kc7 20. e5 Rhf8 21. Rxh7 Rxf3 22. Ke2 Rc3 23. Rg1 Rxc4 24. Kd3 Ra4 25. Rgg7 Rxa3+ 26. Ke4 Kb6 27. Bxd7 Rf8 28. Bf5 1-0

[Event "Titled Tuesday 2025.02.25 Early"]
[Site "Chess.com INT"]
[Date "2025.02.25"]
[Round "9"]
[White "Dragnev, Valentin"]
[Black "Yang, Kaiqi"]
[Result "1-0"]
[WhiteElo "2550"]
[BlackElo "2481"]
[PlyCount "57"]
[GameId "2151502156487976"]
[EventDate "2025.02.25"]
[EventType "swiss (blitz)"]
[EventRounds "11"]
[EventCountry "NET"]
[SourceTitle "Mega2025 Update 18"]
[Source "Chessbase"]
[SourceDate "2025.03.07"]
[SourceVersion "1"]
[SourceVersionDate "2025.03.07"]
[SourceQuality "1"]

1. d4 d5 2. c4 e6 3. Nc3 a6 4. cxd5 exd5 5. Bf4 Nf6 6. e3 Bd6 7. Bg5 Be6 8. Bd3 Nbd7 9. f4 h6 10. Bh4 g5 11. fxg5 hxg5 12. Bxg5 Bg3+ 13. Kd2 c5 14. Qf3 Bd6 15. Nge2 Ne4+ 16. Bxe4 Qxg5 17. Bxd5 cxd4 18. Nxd4 Ne5 19. Qe4 Rh4 20. g4 Rxg4 21. Nf3 Nxf3+ 22. Qxf3 Rd4+ 23. Kc2 Bxd5 24. Nxd5 Rxd5 25. Rag1 O-O-O 26. Rxg5 Rxg5 27. Qxf7 Rg2+ 28. Kb1 Rf8 29. Qe6+ 1-0